Dewi Labu Kundur

Bibliographic Details
Main Author: Azmah Nordin
Format: Book
Published: Kuala Lumpur : DBP , 1992
Series:Series classic stories
Subjects:

MARC

LEADER 00000cam a2200000 7i4500
001 0000006285
002 000006787
005 20020109.0
020 |a 9836227601 
090 0 0 |a JF   |b AZM 
100 0 |a Azmah Nordin 
245 1 0 |a Dewi Labu Kundur   |c Azmah Nordin 
260 |a Kuala Lumpur :   |b DBP ,   |c 1992 
300 |a 186 p. ;   |c 18 cm. 
490 0 |a Series classic stories 
650 0 0 |a Malay fiction 
999 |a 039277   |b BUKU   |c PINJAMAN   |e PERPUSTAKAAN KOMUNITI PETALING JAYA 
999 |a 039278   |b BUKU   |c FICTION   |e PERPUSTAKAAN KOMUNITI PETALING JAYA